| 000 | 00505pab a2200169 454500 | ||
|---|---|---|---|
| 008 | 180718b1995 xxu||||| |||| 00| 0 eng d | ||
| 100 | _aDasgupta, Biplab | ||
| 245 | _aInstitutional reforms and poverty alleviation in West Bengal | ||
| 260 | _c1995 | ||
| 300 | _ap.2691-2702 | ||
| 362 | _a14-21 Oct | ||
| 650 | _aRural poor - India - West Bengal | ||
| 650 | _aLand tenure - India - West Bengal | ||
| 650 | _aPoverty - India - West Bengal | ||
| 773 | _aEconomic and Political Weekly | ||
| 909 | _a29690 | ||
| 999 |
_c29690 _d29690 |
||